Max Ernest: life and work
Saved in:
| 主要作者: | |
|---|---|
| 格式: | 圖書 |
| 語言: | 英语 |
| 出版: |
Nueva York
Harry N. Abrams
1967
|
| 主題: | |
| 標簽: |
添加標簽
沒有標簽, 成為第一個標記此記錄!
|
MARC
| LEADER | 00000nam a2200000 a 4500 | ||
|---|---|---|---|
| 001 | UCY2538 | ||
| 003 | CL-VaPUC | ||
| 008 | 941102e19670000US |||||||||||||||||eng|d | ||
| 082 | 0 | 4 | |a 750.92 |b RUS |2 21 |
| 100 | 0 | |a Russell, John |e author |9 330567 | |
| 245 | 1 | 0 | |a Max Ernest: life and work |
| 300 | |a 359 p | ||
| 942 | |c BK | ||
| 945 | |d 19941102 00:00:00 |a mfernand | ||
| 260 | |a Nueva York |b Harry N. Abrams |c 1967 | ||
| 600 | 0 | 7 | |a ERNST, MAX |2 CL-VaPUC |9 322949 |
| 650 | 0 | |a Surrealismo |9 265502 | |
| 650 | 0 | |a Dadaismo |9 265495 | |
| 650 | 0 | |a Bibliografías |9 257071 | |
| 583 | |a last modification |c 19941102 00:00:00 |k Rodrigo Vera | ||
| 999 | |c 230914 |d 230912 | ||
| 952 | |0 0 |1 0 |4 0 |6 750_920000000000000_RUS_1967 |7 0 |8 F |9 233557 |a BIBARQ |b BIBARQ |d 2019-11-15 |i 3032493 |l 1 |o 750.92 RUS 1967 |p 3032493 |r 2025-01-20 |s 2024-03-18 |w 2019-11-15 |y BK_F |k ARQ | ||